The globalization of angel investments: Evidence across countries (Record no. 361284)
[ view plain ]
| 000 -LEADER | |
|---|---|
| fixed length control field | 00758nam a22001937a 4500 |
| 003 - CONTROL NUMBER IDENTIFIER | |
| control field | SISC |
| 005 - DATE AND TIME OF LATEST TRANSACTION | |
| control field | 20190211092038.0 |
| 008 - FIXED-LENGTH DATA ELEMENTS--GENERAL INFORMATION | |
| fixed length control field | 190211b xxu||||| |||| 00| 0 eng d |
| 100 ## - MAIN ENTRY--PERSONAL NAME | |
| Personal name | Lerner, Josh; Schoar, Antoinette; Sokolinski, Stanislav; Wilson, Karen |
| 245 ## - TITLE STATEMENT | |
| Title | The globalization of angel investments: Evidence across countries |
| Statement of responsibility, etc | Lerner, Josh; Schoar, Antoinette; Sokolinski, Stanislav; Wilson, Karen |
| 260 ## - PUBLICATION, DISTRIBUTION, ETC. (IMPRINT) | |
| Place of publication, distribution, etc | Amsterdam |
| Name of publisher, distributor, etc | Elsevier |
| Date of publication, distribution, etc | January 2018 |
| 300 ## - PHYSICAL DESCRIPTION | |
| Extent | pp. 1-20 |
| 440 ## - SERIES STATEMENT/ADDED ENTRY--TITLE | |
| Title | Journal of Financial Economics |
| Volume number/sequential designation | 127 (1) |
| International Standard Serial Number | 0304-405X |
| 600 ## - SUBJECT ADDED ENTRY--PERSONAL NAME | |
| Source of heading or term | Lerner, Josh; Schoar, Antoinette; Sokolinski, Stanislav; Wilson, Karen |
| 9 (RLIN) | 1 |
| 690 ## - LOCAL SUBJECT ADDED ENTRY--TOPICAL TERM (OCLC, RLIN) | |
| Source of heading or term | Contracts |
| 690 ## - LOCAL SUBJECT ADDED ENTRY--TOPICAL TERM (OCLC, RLIN) | |
| Source of heading or term | Entrepreneurial finance |
| 690 ## - LOCAL SUBJECT ADDED ENTRY--TOPICAL TERM (OCLC, RLIN) | |
| Source of heading or term | Venture Capital |
| 942 ## - ADDED ENTRY ELEMENTS (KOHA) | |
| Source of classification or shelving scheme | Library of Congress Classification |
| Koha item type | Periodicals |
| Call number prefix | Foreign |
| Withdrawn status | Lost status | Source of classification or shelving scheme | Damaged status | Home library | Current library | Shelving location | Date acquired | Source of acquisition | Total Checkouts | Full call number | Barcode | Date last seen | Price effective from | Koha item type |
|---|---|---|---|---|---|---|---|---|---|---|---|---|---|---|
| Library of Congress Classification | College Library | College Library | 02/11/2019 | Donation | 127(1)1 | 127(1)1 | 02/11/2019 | 02/11/2019 | Periodicals |